| 000 | 00786nam a2200205Ia 4500 | ||
|---|---|---|---|
| 999 |
_c40255 _d40255 |
||
| 001 | 6863 | ||
| 003 | GE_BSU | ||
| 005 | 20200130113118.0 | ||
| 008 | 181216s19 ||||g |||||||||||||| ||geo|| | ||
| 040 | _cGE_BSU | ||
| 041 | _ageo | ||
| 080 | _a821.353.1-1 გ-66 | ||
| 100 |
_aგორგანელი, ვახტანგ. _96511 |
||
| 245 |
_aდედოფლის მინდორზე : _bლექსები / _cვახტანგ გორგანელი ; რედ. ხ. ბერულავა. |
||
| 264 |
_aთბილისი : _bსაბჭ.მწერალი, _c1960. |
||
| 300 |
_a71 გვ. ; _c16 სმ. |
||
| 653 | _aლექსები | ||
| 700 |
_aბერულავა, ხ. _eრედაქტორი _93738 |
||
| 942 |
_cBK _2udc |
||